| 000 | 00000nam##2200000za#4500 |
| 001 | 9.581624 |
| 003 | CaOODSP |
| 005 | 20231208112833 |
| 007 | cr ||||||||||| |
| 008 | 150406|2011||||xxc|||||o f|0| 0 eng|d |
| 040 | |aCaOODSP|beng |
| 043 | |an-cn--- |
| 086 | 1 |aPS83-5/R247E-PDF |
| 110 | 1 |aCorrectional Service Canada. |bResearch Branch. |
| 245 | 10|aFetal Alcohol Spectrum Disorder (FASD) in a correctional population : |h[electronic resource]|bprevalence, screening and characteristics / |cprepared by : Patricia MacPherson. |
| 260 | |aOttawa - Ontario : |bCorrectional Service Canada. |cJune 2011. |
| 300 | |a1p. |
| 490 | 1 |aResearch at a glance|vR-247 |
| 590 | |a15-05-Supp|b2015-03-31 |
| 775 | 08|tEnsemble des troubles causés par l'alcoolisation foetale (ETCAF) dans une population carcérale : |w(CaOODSP)9.608393 |
| 830 | #0|aResearch at a glance (Correctional Service Canada)|vR-247|w(CaOODSP)9.506649 |
| 856 | 40|ahttp://publications.gc.ca|qPDF|s129 KB|uhttps://publications.gc.ca/collections/collection_2015/scc-csc/PS83-5-R247-eng.pdf|yR-247 |